000 00769nam a2200217Ia 4500
999 _c40217
_d40217
001 6824
003 GE_BSU
005 20200120110141.0
008 181216s1975||||ge |||||||||||||| ||geo||
040 _cGE_BSU
041 _ageo
080 _a821.353.1-31 გ-59
100 _aგოგიჩაიშვილი, გივი.
_96030
245 _aსამაია :
_bრომანი /
_cგივი გოგიჩაიშვილი ; რედ. მ. ჯაფარიძე.
264 _aთბილისი :
_bმერანი,
_c1975.
300 _a248 გვ. ;
_c20 სმ.
653 _aრომანი
653 _aსამაია
700 _aჯაფარიძე, მ.
_eრედაქტორი
_94185
942 _cBK
_2udc